Kitab pelajaran Tajwid : (Record no. 832)
[ view plain ]
| 000 -LEADER | |
|---|---|
| fixed length control field | nam a22 a 4500 |
| 003 - CONTROL NUMBER IDENTIFIER | |
| control field | AKMAL |
| 005 - DATE AND TIME OF LATEST TRANSACTION | |
| control field | 20170505142930.0 |
| 008 - FIXED-LENGTH DATA ELEMENTS--GENERAL INFORMATION | |
| fixed length control field | 170505s1995 my 00 may d |
| 020 ## - INTERNATIONAL STANDARD BOOK NUMBER | |
| International Standard Book Number | 9830460428 (kkt.): |
| Terms of availability | RM 8.00 |
| 040 ## - CATALOGING SOURCE | |
| Original cataloging agency | AKMAL |
| Transcribing agency | AKMAL |
| 049 ## - LOCAL HOLDINGS (OCLC) | |
| Holding library | mal |
| 082 04 - DEWEY DECIMAL CLASSIFICATION NUMBER | |
| Classification number | 297.1221 KIT |
| 090 ## - LOCALLY ASSIGNED LC-TYPE CALL NUMBER (OCLC); LOCAL CALL NUMBER (RLIN) | |
| Classification number (OCLC) (R) ; Classification number, CALL (RLIN) (NR) | 297.1221 |
| Local cutter number (OCLC) ; Book number/undivided call number, CALL (RLIN) | KIT |
| 245 00 - TITLE STATEMENT | |
| Title | Kitab pelajaran Tajwid : |
| Remainder of title | melengkapi sukatan pelajaran tajwid dari tingkatan 1 hingga tingkatan 5 KBSM / |
| Statement of responsibility, etc. | susunan Azahari Ibrahim |
| 260 ## - PUBLICATION, DISTRIBUTION, ETC. | |
| Place of publication, distribution, etc. | Kuala Lumpur : |
| Name of publisher, distributor, etc. | Darul Nu'man, |
| Date of publication, distribution, etc. | 1995 |
| 300 ## - PHYSICAL DESCRIPTION | |
| Extent | iv, 85ms. ; |
| Dimensions | 21cm |
| 500 ## - GENERAL NOTE | |
| General note | Teks sejajar bahasa Malaysia dan skrip Jawi |
| 650 ## - SUBJECT ADDED ENTRY--TOPICAL TERM | |
| Topical term or geographic name entry element | Koran |
| General subdivision | Reading |
| 9 (RLIN) | 1606 |
| 700 0# - ADDED ENTRY--PERSONAL NAME | |
| Personal name | Azahari Ibrahim |
| 9 (RLIN) | 1807 |
| 942 ## - ADDED ENTRY ELEMENTS (KOHA) | |
| Source of classification or shelving scheme | |
| Koha item type | Book |
| Withdrawn status | Lost status | Source of classification or shelving scheme | Damaged status | Not for loan | Collection code | Home library | Current library | Date acquired | Inventory number | Total Checkouts | Full call number | Barcode | Date last seen | Price effective from | Koha item type |
|---|---|---|---|---|---|---|---|---|---|---|---|---|---|---|---|
| NON-FICTION | AKMAL Melaka | AKMAL Melaka | 05.05.2017 | 200732 | 297.1221 KIT | 201701833 | 05.05.2017 | 05.05.2017 | Book |
